000 00686nam a2200217 a 4500
001 46769
003 BD-RjUL
005 20211209054213.0
008 160804s1977 nu ||||| |||| 00| 0 eng d
020 _a9231014323
035 _a(BD-RjUL)46888
040 _aBD-RjUL
_beng
_cBD-RjUL
041 _aeng
082 _a301.161091713
_223
_bACC 1977
245 0 0 _aAccess : some Western models of community media /
_cEdited by Frances Berrigan J.
260 _aParis :
_bUnited Nations Educational,
_c1977
300 _a229 p. ;
_c23 cm.
650 _aLocal mass media
_xSocial aspects
_z Europe -- Case studies
_9142513
700 _aEdited by Berrigan, Frances J.
_9142520
942 _2ddc
_cBK
999 _c46769
_d46769